| 000 | 00470nam a22001577a 4500 | ||
|---|---|---|---|
| 003 | OSt | ||
| 082 |
_a664 _bHAR/PR |
||
| 088 | _a586 | ||
| 100 |
_aHARITHA H _aJOSEPH P J _aMALU S _aMEGHA _aSHARON SHAJI _95505 |
||
| 245 | _aPRODUCTION AND CHARACTERIZATION OF ACTIVATED CHARCOAL FROM COCOA POD | ||
| 260 |
_aTAVANUR _bDEPARTMENT OF PROCESSING AND FOOD ENGINEERING _c2023 |
||
| 300 | _a62 | ||
| 700 | _aSREEJA R (GUIDE) | ||
| 700 |
_aANJITHA P K ( GUIDE) _95506 |
||
| 942 | _cPR | ||
| 999 |
_c17725 _d17725 |
||